000 01200nam a22003497a 4500
003 CHAP
005 20220329140552.0
008 971013s1976 r 00010 d
010 _a54082
011 _a55054
035 _a59206
040 _cCHAP
090 _aTesis
100 0 0 _aPrado Martínez, Ricardo.
_991268
245 _aEstimación de parámetros genéticos y su uso en el mejoramiento genético del algodonero
260 _aMonterrey, N.L. :
_bEl autor,
_c1976
300 _a71 h.
502 _aTesis (M.C. Esp. en Fitomejoramiento) -- ITESM. Div. de Ciencias Agropecuarias y Marítimas. Programa de Graduados
590 _aALEPH
_b10
_c20130110
_lUCH01
_h1331
590 _aBATCH-UPD
_b10
_c20130110
_lUCH01
_h1153
590 _aBATCH-UPD
_b10
_c20130410
_lUCH01
_h0736
590 _aBATCH-UPD
_b10
_c20130914
_lUCH01
_h0058
590 _aCONVERSION
_b10
_c20130109
_lUCH01
_h1329
650 1 4 _aAlgodón
_xGenética.
_94017
650 1 4 _aAlgodón
_xHíbridos.
_94022
650 1 4 _aAlgodón
_xRendimiento.
_94053
650 1 4 _aAlgodon
_xVariedades.
_94068
901 _aBK
942 _cFOLL
949 _bBC
_cTES
_d-128092
_eTS1
_i59206
_si
949 _bBC
_cTES
_d-128093
_eTS2
_fc.2
_i59206
_si
999 _c54082
_d54082